| 000 | 00531nam a2200157 4500 | ||
|---|---|---|---|
| 001 | 108359 | ||
| 003 | ES-MaACL | ||
| 005 | 20230906184629.0 | ||
| 007 | t| | ||
| 008 | 061121s1972 sp r ||||1| spa d | ||
| 100 | 1 |
_aMontero Aroca, Juan. _982507 |
|
| 245 | 1 | 3 |
_aLa intervención adhesiva simple _b: contribución al estudio de la pluralidad de partes en el proceso civil / _cpor Juan Montero Aroca. |
| 260 |
_aBarcelona : _bHispano Europea, _c1972. |
||
| 300 |
_aXVIII, 267 p. ; _c20 cm. |
||
| 852 |
_aES-MaACL _jC-51168 _bR.82994 |
||
| 999 |
_c108359 _d108359 |
||